W JAKICH MIASTACH REPREZENTACJA POLSKI ROZGRYWAŁA NAJWIĘCEJ MECZY? - Statystyki

Ogólne statystyki
  • Ten quiz został rozwiązany 30 razy
  • Średni wynik to 5 z 6
Statystyki odpowiedzi
Odpowiedź % Poprawnych
WARSZAWIE
100%
POZNANIU
86%
ŁODZI
82%
WROCŁAWIU
82%
CHORZOWIE
79%
KRAKOWIE
79%
Nie znaleziono quizów pasujących do podanych kryteriów
Rozkład punktacji
Procent ludzi z każdym wynikiem
Percentyl według liczby udzielonych odpowiedzi
Twoja historia wyników
Nie rozwiązałeś tego quizu